| 000 | 00000nam 2200000zi 4500 |
| 001 | 9.931460 |
| 003 | CaOODSP |
| 005 | 20240419132411 |
| 006 | m o d f |
| 007 | cr mn||||||||| |
| 008 | 231214e202312##onc ob f000 0 eng d |
| 040 | |aCaOODSP|beng|erda|cCaOODSP |
| 043 | |an-cn--- |
| 086 | 1 |aXC75-1/1-441-14E-PDF |
| 110 | 1 |aCanada. |bParliament. |bHouse of Commons. |bStanding Committee on International Trade, |eauthor, |eissuing body. |
| 245 | 10|aNon-tarif barriers to trade : |bsome Canadian perspectives : report of the Standing Committee on International Trade / |cHon. Judy A. Sgro, chair. |
| 264 | 1|a[Ottawa] : |bHouse of Commons, Canada = Chambre des communes, Canada, |cDecember 2023. |
| 300 | |a1 online resource (vii, 25 pages). |
| 336 | |atext|btxt|2rdacontent |
| 337 | |acomputer|bc|2rdamedia |
| 338 | |aonline resource|bcr|2rdacarrier |
| 490 | 1 |aReport of the Standing Committee on International Trade ; |v14th report, 44th Parliament, 1st session |
| 500 | |aIssued also in French under title: Barrieres non tarifaires au commerce : certaines perspectives canadiennes : rapport du Comité permanent du commerce international. |
| 500 | |a"44th Parliament, 1st Session." |
| 500 | |a"Fourteenth report." |
| 500 | |aOriginal published on: 2023/12/13. Republished on: 2024/04/11. |
| 504 | |aIncludes bibliographical references. |
| 520 | |a"When discussing barriers to international trade, observers often concentrate on tariff and non-tariff provisions in trade agreements. Regarding the latter, either “non-tariff barriers” (NTBs) or “non-tariff measures” (NTMs) or both may be the focus. According to the World Trade Organization (WTO), “non-tariff barriers” are measures—other than tariffs—that protect domestic producers. The United Nations Conference on Trade and Development defines “non-tariff measures” as policy measures, other than customs tariffs, that change quantities traded or prices or both, and thereby may affect trade in goods"--Introduction, page 3. |
| 650 | 0|aNon-tariff trade barriers. |
| 650 | 0|aNon-tariff trade barriers|xGovernment policy|zCanada. |
| 651 | 0|aCanada|xCommerce. |
| 700 | 1 |aSgro, Judy, |d1944- |
| 775 | 08|tBarrières non tarifaires au commerce : |w(CaOODSP)9.931461 |
| 830 | #0|aReport of the Standing Committee on International Trade ;|v14th report, 44th Parliament, 1st session.|w(CaOODSP)9.507001 |
| 856 | 40|qPDF|s2.75 MB|uhttps://publications.gc.ca/collections/collection_2023/parl/xc75-1/XC75-1-1-441-14-eng.pdf |
| 856 | 4 |qHTML|sN/A|uhttps://www.ourcommons.ca/DocumentViewer/en/44-1/CIIT/report-14 |